<?xml version="1.0" encoding="UTF-8"?>
<record
    xmlns:xsi="http://www.w3.org/2001/XMLSchema-instance"
    xsi:schemaLocation="http://www.loc.gov/MARC21/slim http://www.loc.gov/standards/marcxml/schema/MARC21slim.xsd"
    xmlns="http://www.loc.gov/MARC21/slim">

  <leader>00799nam a2200229Ia 4500</leader>
  <controlfield tag="001">17666</controlfield>
  <controlfield tag="003">GE_BSU</controlfield>
  <controlfield tag="008">181216s||||||||xx |||||||||||||| ||und||</controlfield>
  <datafield tag="040" ind1=" " ind2=" ">
    <subfield code="c">GE_BSU</subfield>
  </datafield>
  <datafield tag="080" ind1=" " ind2=" ">
    <subfield code="a">624.81(035)</subfield>
  </datafield>
  <datafield tag="100" ind1=" " ind2=" ">
    <subfield code="a">&#x412;&#x430;&#x441;&#x438;&#x43B;&#x435;&#x432;,&#x412;.&#x417;. &#x41A;&#x43E;&#x445;&#x442;&#x435;&#x432;,&#x410;.&#x410;. &#x426;&#x430;&#x446;&#x43A;&#x438;&#x43D;,&#x412;.&#x421;. &#x428;&#x430;&#x43F;&#x43E;&#x448;&#x43D;&#x438;&#x43A;&#x43E;&#x432;,&#x41A;.&#x410;.</subfield>
  </datafield>
  <datafield tag="245" ind1=" " ind2=" ">
    <subfield code="a">&#x421;&#x43F;&#x440;&#x430;&#x432;&#x43E;&#x447;&#x43D;&#x44B;&#x435; &#x442;&#x430;&#x431;&#x43B;&#x438;&#x446;&#x44B; &#x43F;&#x43E; &#x434;&#x435;&#x442;&#x430;&#x43B;&#x44F;&#x43C; &#x43C;&#x430;&#x448;&#x438;&#x43D; &#x432; 2-&#x445; &#x442;&#x43E;&#x43C;&#x430;&#x445;. &#x422;&#x43E;&#x43C; 1.</subfield>
  </datafield>
  <datafield tag="245" ind1=" " ind2=" ">
    <subfield code="c">&#x420;&#x435;&#x434;. &#x422;.&#x41C;.&#x41C;&#x443;&#x441;&#x438;&#x43D;&#x44F;&#x43D;.</subfield>
  </datafield>
  <datafield tag="250" ind1=" " ind2=" ">
    <subfield code="a">5-&#x435; &#x438;&#x437;&#x434;. &#x438;&#x441;&#x43F;&#x440;. &#x438; &#x434;&#x43E;&#x43F;&#x43E;&#x43B;.</subfield>
  </datafield>
  <datafield tag="260" ind1=" " ind2=" ">
    <subfield code="a">&#x41C;.</subfield>
  </datafield>
  <datafield tag="260" ind1=" " ind2=" ">
    <subfield code="b">&#x41C;&#x430;&#x448;&#x438;&#x43D;&#x43E;&#x441;&#x442;&#x440;&#x43E;&#x435;&#x43D;&#x438;&#x435;.</subfield>
  </datafield>
  <datafield tag="260" ind1=" " ind2=" ">
    <subfield code="c">1965.</subfield>
  </datafield>
  <datafield tag="300" ind1=" " ind2=" ">
    <subfield code="a">716 &#x441;&#x442;&#x440;. &#x441; &#x438;&#x43B;&#x43B;. 22 &#x441;&#x43C;.</subfield>
  </datafield>
  <datafield tag="300" ind1=" " ind2=" ">
    <subfield code="e">&#x422;&#x430;&#x431;&#x43B;.</subfield>
  </datafield>
  <datafield tag="653" ind1=" " ind2=" ">
    <subfield code="a">&#x421;&#x43F;&#x440;&#x430;&#x432;&#x43E;&#x447;&#x43D;&#x44B;&#x435; &#x442;&#x430;&#x431;&#x43B;&#x438;&#x446;&#x44B; &#x43F;&#x43E; &#x434;&#x435;&#x442;&#x430;&#x43B;&#x44F;&#x43C; &#x43C;&#x430;&#x448;&#x438;&#x43D; &#x432; 2-&#x445; &#x442;&#x43E;&#x43C;&#x430;&#x445;.</subfield>
  </datafield>
  <datafield tag="942" ind1=" " ind2=" ">
    <subfield code="c">BK</subfield>
  </datafield>
  <datafield tag="999" ind1=" " ind2=" ">
    <subfield code="c">50715</subfield>
    <subfield code="d">50715</subfield>
  </datafield>
  <datafield tag="952" ind1=" " ind2=" ">
    <subfield code="0">0</subfield>
    <subfield code="1">0</subfield>
    <subfield code="4">0</subfield>
    <subfield code="7">0</subfield>
    <subfield code="9">69398</subfield>
    <subfield code="d">2018-12-17</subfield>
    <subfield code="p">10363</subfield>
    <subfield code="r">2018-12-17</subfield>
    <subfield code="w">2018-12-17</subfield>
    <subfield code="y">BK</subfield>
  </datafield>
</record>
